Header

Tattvacintamani of Gangesopadhyaya with prakasa of rucidattamisra and Nyayasikhamani on prakasa of Ramakrsnadhvarin (Record no. 16602)

MARC details
000 -LEADER
fixed length control field 00591nam a2200145 4500
082 ## - DEWEY DECIMAL CLASSIFICATION NUMBER
Classification number 181.43
Item number Gan-R
100 ## - MAIN ENTRY--PERSONAL NAME
Personal name Gangesopadhyaya
245 ## - TITLE STATEMENT
Title Tattvacintamani of Gangesopadhyaya with prakasa of rucidattamisra and Nyayasikhamani on prakasa of Ramakrsnadhvarin
Statement of responsibility, etc. by Gangesopadhyaya ; critically edited by N. S. Ramanuja Tatacharya
260 ## - PUBLICATION, DISTRIBUTION, ETC.
Place of publication, distribution, etc. Tirupati
Name of publisher, distributor, etc. Kendriya Sanskrit Vidyapeetha
Date of publication, distribution, etc. 1973
300 ## - PHYSICAL DESCRIPTION
Extent v.; 24cm.
490 ## - SERIES STATEMENT
Series statement Kendriya Sanskrit Vidyapeetha series; no. 20
500 ## - GENERAL NOTE
General note Library has v. 1 only
500 ## - GENERAL NOTE
General note v.1: Pratyaksakhanda
710 ## - ADDED ENTRY--CORPORATE NAME
Corporate name or jurisdiction name as entry element Tatacharya, N. S. Ramanuja
Holdings
Withdrawn status Lost status Damaged status Not for loan Collection code Home library Current library Date acquired Total Checkouts Full call number Barcode Date last seen Copy number Price effective from Koha item type
        RELIGION & PHILOSOPHY North Eastern Hill University North Eastern Hill University 24/11/2011   181.43 Gan-R 15124 24/11/2011 .1 24/11/2011 Books